| 000 | 00804nam a22002777a 4500 | ||
|---|---|---|---|
| 003 | CHAP | ||
| 005 | 20220329140923.0 | ||
| 008 | 971013s1994 r 00010 d | ||
| 010 | _a59839 | ||
| 011 | _a60811 | ||
| 035 | _a64974 | ||
| 040 | _cCHAP | ||
| 082 |
_a634.9285 _bP45 1994 |
||
| 100 | 0 | 0 |
_aPhilip, Michael S. _987789 |
| 245 | _aMeasuring trees and forests | ||
| 250 | _a2 ed. | ||
| 260 |
_aOxon : _bCAB International, _c1994 |
||
| 300 |
_a310 p. _b: ilus. |
||
| 590 |
_aBATCH-UPD _b10 _c20130110 _lUCH01 _h0812 |
||
| 590 |
_aCONVERSION _b10 _c20130109 _lUCH01 _h1332 |
||
| 650 | 1 | 4 |
_aBosques _xInventarios. _914240 |
| 650 | 1 | 4 |
_aMedidas forestales. _973926 |
| 901 | _aBK | ||
| 942 | _cLIBRO | ||
| 949 |
_a634.9285 P45 1994 _bBC _cLIBRO _d33724000082509 _eLIBRO _gI.181674 _h90342 _i64974 _si _t396.00 |
||
| 999 |
_c59839 _d59839 |
||